000 00554cam a22002052 4500
001 0000003324
005 20151217151922.0
008 070503s xx 000 0 eng d
020 _a8184040156 :
040 _aKABU
_cKABU
050 0 _aHV8079
_b.C65J66
100 1 _aJones, Robert.
_@0000153145
245 1 0 _aInternet forensics.
260 _aMumbai :
_bSPD,
_c2006.
300 _axii, 223 p.
650 0 _aComputer crimes
_xInvestigation.
_@0000153146
908 _a070503
950 _@1
999 _c6360
_d6360